Climate resilient infrastructure (Record no. 112252)

MARC details
000 -LEADER
fixed length control field 00967cad a22001935a 4500
001 - CONTROL NUMBER
control field L152901
008 - FIXED-LENGTH DATA ELEMENTS--GENERAL INFORMATION
fixed length control field 110512e2011 xxk 000 0 eng d
035 ## - SYSTEM CONTROL NUMBER
System control number (Sirsi) u152901
041 0# - LANGUAGE CODE
Language code of text/sound track or separate title eng
110 2# - MAIN ENTRY--CORPORATE NAME
Corporate name or jurisdiction name as entry element United Kingdom
Subordinate unit Department for Environment, Food and Rural Affairs
245 00 - TITLE STATEMENT
Title Climate resilient infrastructure
Remainder of title preparing for a changing climate
Medium [electronic resource]
260 ## - PUBLICATION, DISTRIBUTION, ETC.
Place of publication, distribution, etc. London
Name of publisher, distributor, etc. DEFRA
Date of publication, distribution, etc. 2011
520 ## - SUMMARY, ETC.
Summary, etc. Cross government report outlines the climate change challenges to the transport, energy, water and ICT infrastructure sectors. Details actions that need to be taken by infrastructure owners and operators, regulators, insurers and Government.
590 ## - LOCAL NOTE (RLIN)
Local note KA NTK
651 #4 - SUBJECT ADDED ENTRY--GEOGRAPHIC NAME
Geographic name United Kingdom
Chronological subdivision
690 ## - LOCAL SUBJECT ADDED ENTRY--TOPICAL TERM (OCLC, RLIN)
Topical term or geographic name as entry element ENVIRONMENT AND LAND CONSULTANCY-PLANNING AND DEVELOPMENT
856 40 - ELECTRONIC LOCATION AND ACCESS
Uniform Resource Identifier <a href="https://www.defra.gov.uk/publications/files/climate-resilient-infrastructure-full.pdf">https://www.defra.gov.uk/publications/files/climate-resilient-infrastructure-full.pdf</a>
Public note View the report free of charge at www.defra.gov.uk
942 ## - ADDED ENTRY ELEMENTS (KOHA)
Suppress in OPAC 0
Holdings
Withdrawn status Lost status Source of classification or shelving scheme Damaged status Not for loan Home library Current library Shelving location Date acquired Total Checkouts Full call number Barcode Date last seen Copy number Price effective from Koha item type
    Dewey Decimal Classification     Virtual Virtual Online 12/05/2011   ONLINE PUBLICATION 152901-2001 06/08/2019 1 06/08/2019 Book